000 00470nam a2200193Ia 4500
005 20250326125630.0
008 250326s9999 xx 000 0 und d
037 _aTextbook
040 _aFMSL
_beng
_cFMSL
041 _aeng
_2eng
084 _aX:8 K5
_qFMSL
100 _aRose T G
245 0 _aManagement audit
_cRose T G
250 _a3
260 _aLondon
_bLondon, Gee
_c1965
300 _a40p
942 _cTB
_hX:8 K5
999 _c1278873
_d1278873